| 000 | 00377nam a2200157Ia 4500 | ||
|---|---|---|---|
| 008 | 151213s9999 xx 000 0 und d | ||
| 100 | _aStephen Brown | ||
| 245 |
_aDigital Logic _cStephen Brown |
||
| 250 | _a2nd | ||
| 260 |
_aNew Delhi _bTata Mc Graw Hill _c2008 |
||
| 300 | _a8567 p. | ||
| 650 | _aE.E.E. | ||
| 650 | _ascience | ||
| 700 | _aStephen Brown | ||
| 999 |
_c4385 _d4385 |
||